| 000 | 00813nam a2200217Ia 4500 | ||
|---|---|---|---|
| 999 |
_c40171 _d40171 |
||
| 001 | 6777 | ||
| 003 | GE_BSU | ||
| 005 | 20191227103742.0 | ||
| 008 | 181216s1959||||ge |||||||||||||| ||ge || | ||
| 040 | _cGE_BSU | ||
| 041 | _ageo | ||
| 080 | _a821.353.1 გ-45 | ||
| 100 |
_aგვეტაძე, რაჟდენ. _95973 |
||
| 245 |
_bთხზულებანი ორ ტომად : _aტომი II / _cრაჟდენ გვეტაძე ; რედ. ვ. ჯაფარიძე. |
||
| 264 |
_aთბილისი : _bსაბჭ.საქართველო, _c1959. |
||
| 300 |
_a405 გვ. ; _c20 სმ. |
||
| 653 | _aთხზულებანი | ||
| 653 | _aპროზა | ||
| 700 |
_aჯაფარიძე, ვ. _eრედაქტორი _9665 |
||
| 942 |
_cBK _2udc |
||